00331nam a2200145Ia 4500008004000000041000800040082001100048100001700059245002200076260005300098650001000151650000800161650000700169650000900176210210b1944 xxu||||| |||| 00| 0 eng d aeng a829/73 aBENSON (R H) aLord of the world aLondonbBurns Oates and Washbourne Limitedc1944 aworld athe aof aLord